| 000 | 00777nam a2200253 a 4500 | ||
|---|---|---|---|
| 001 | 50715 | ||
| 003 | BD-RjUL | ||
| 005 | 20211209075543.0 | ||
| 008 | 160828s1997 ii 00100 eng d | ||
| 035 | _a(BD-RjUL)50835 | ||
| 040 |
_aANL _cANL _beng _dBD-RjUL |
||
| 041 | _aeng | ||
| 082 | 0 | 4 |
_a379.24 _221 _bNAT 1997 |
| 100 | 1 |
_a Nagappa, T. R. _9151830 |
|
| 245 | 1 | 0 |
_aTowards total literacy / _cT. R. Nagappa and H. R. Chandravadana Rao |
| 260 |
_aIndia : _bVikas Publishing house ltd., _cc1997 |
||
| 300 |
_aV,121 p. ; _c22 cm. |
||
| 650 | 0 |
_aLiteracy _zIndia. _9151831 |
|
| 650 | 0 |
_aLiteracy programs _zIndia. _9151832 |
|
| 650 | 0 |
_aAdult education _zIndia. _9151759 |
|
| 650 | 0 |
_aEducation _zIndia. _9151833 |
|
| 700 |
_aRao, H. R. Chandravadana _9151834 |
||
| 942 |
_2ddc _cBK |
||
| 999 |
_c50715 _d50715 |
||